000 01420nam0a22002771 4500
001 rc\734798
005 20260407145756.0
035 _a(NLR Aleph) 006265001
090 _a6888908
_c6888908
100 _a20040301d1985 |||y0rusy50 ca
101 0 _arus
102 _aRU
105 _ay |||||||||
200 1 _aПредупреждение и борьба с пескопроявлением на морских нефтяных месторождениях Азербайджана
_f[Ф.А. Меликбеков, К.К. Мамедов, Б.А. Аскеров, Р.В. Гаджиоглы]
210 _aБаку
_cАзНИИНТИ
_d1985
215 _a25 с.
_d20
225 1 _aСерия "Нефтедобывающая промышленность"
_eОбзор. информ.
_fАзерб. НИИ НТИ и техн.-экон. исслед.
300 _aАвт. указаны на 2-й с. обл.
320 _aБиблиогр.: с. 23-25 (17 назв.)
701 1 _aМеликбеков
_bФ.А.
_gФуад Аждарович
712 0 2 _aАзербайджанский НИИ научно-технической информации информации и технико-экономических исследований исследований
_cБаку
_3RU\NLR\AUTH\8810023899
_9545845
801 0 _aRU
_bNLR
_gpsbo
801 1 _aRU
_bELAR
_2rusmarc
852 _aNLR
_j86-4/1079
942 _cBOOK
980 _aNB